000 00465nam a2200169Ia 4500
005 20250424120257.0
008 250424s9999 xx 000 0 und d
022 _a22770097
050 _aGE 180 .J68/
245 0 _aJournal of environmental science & resource management
260 _aLagos, Nigeria
260 _bCenrsin publications
260 _c2019
300 _aviii, 70 p. :ill. ; 28 cm.
650 _aEnvironmental resource management
942 _cSR
999 _c38398
_d38398